<?xml version="1.0" encoding="UTF-8"?>
<record
    xmlns:xsi="http://www.w3.org/2001/XMLSchema-instance"
    xsi:schemaLocation="http://www.loc.gov/MARC21/slim http://www.loc.gov/standards/marcxml/schema/MARC21slim.xsd"
    xmlns="http://www.loc.gov/MARC21/slim">

  <leader>00853nam a22001697a 4500</leader>
  <controlfield tag="003">UA-OsUOA</controlfield>
  <controlfield tag="001"> 18080 </controlfield>
  <controlfield tag="007">ta</controlfield>
  <controlfield tag="008">20040419b un ||||| |||| 00| 0 ukr d</controlfield>
  <datafield tag="100" ind1=" " ind2=" ">
    <subfield code="a">&#x41A;&#x440;&#x443;&#x43F;&#x435;&#x43D;&#x43A;&#x43E; &#x41E;.&#x41C;.</subfield>
  </datafield>
  <datafield tag="942" ind1=" " ind2=" ">
    <subfield code="c">SA</subfield>
  </datafield>
  <datafield tag="040" ind1=" " ind2=" ">
    <subfield code="a">UA-OsUOA</subfield>
    <subfield code="c">UA-OsUOA</subfield>
    <subfield code="d">UA-OsUOA</subfield>
  </datafield>
  <datafield tag="245" ind1=" " ind2=" ">
    <subfield code="a">&#x420;&#x435;&#x430;&#x43B;&#x456;&#x437;&#x430;&#x446;&#x456;&#x44F; &#x43F;&#x440;&#x43E;&#x433;&#x440;&#x430;&#x43C; &#x456; &#x449;&#x43E; &#x446;&#x435; &#x434;&#x430;&#x441;&#x442;&#x44C;</subfield>
    <subfield code="b">[&#x456;&#x43D;&#x442;&#x435;&#x440;&#x432;'&#x44E; &#x456;&#x437; &#x437;&#x430;&#x441;&#x442;. &#x43D;&#x430;&#x447;&#x430;&#x43B;&#x44C;&#x43D;&#x438;&#x43A;&#x430; &#x443;&#x43F;&#x440;. &#x441;&#x456;&#x43B;. &#x433;&#x43E;&#x441;&#x43F;-&#x432;&#x430; &#x456; &#x43F;&#x440;&#x43E;&#x434;&#x43E;&#x432;&#x43E;&#x43B;&#x44C;&#x441;&#x442;&#x432;&#x430; &#x440;&#x430;&#x439;&#x434;&#x435;&#x440;&#x436;&#x430;&#x434;&#x43C;&#x456;&#x43D;&#x456;&#x441;&#x442;&#x440;&#x430;&#x446;&#x456;&#x457; &#x41E;.&#x41C;.&#x41A;&#x440;&#x443;&#x43F;&#x435;&#x43D;&#x43A;&#x43E;&#x43C; &#x43F;&#x440;&#x43E; &#x434;&#x43E;&#x441;&#x44F;&#x433;&#x43D;&#x435;&#x43D;&#x43D;&#x44F; &#x440;-&#x43D;&#x443; &#x443; &#x432;&#x435;&#x434;&#x435;&#x43D;&#x43D;&#x456; &#x441;&#x456;&#x43B;. &#x432;&#x438;&#x440;&#x43E;&#x431;&#x43D;&#x438;&#x446;&#x442;&#x432;&#x430; &#x443; 2003 &#x440;.]/&#x420;&#x43E;&#x437;&#x43C;&#x43E;&#x432;&#x43B;&#x44F;&#x43B;&#x430; &#x412;.&#x41A;&#x440;&#x438;&#x43B;&#x43E;&#x432;&#x435;&#x446;&#x44C;</subfield>
    <subfield code="c">&#x41A;&#x440;&#x443;&#x43F;&#x435;&#x43D;&#x43A;&#x43E; &#x41E;.&#x41C;.</subfield>
  </datafield>
  <datafield tag="955" ind1=" " ind2=" ">
    <subfield code="a">0</subfield>
  </datafield>
  <datafield tag="773" ind1="0" ind2=" ">
    <subfield code="w">0</subfield>
    <subfield code="t">&#x420;&#x43E;&#x43A;&#x438;&#x442;&#x43D;&#x456;&#x432;&#x449;&#x438;&#x43D;&#x430;</subfield>
    <subfield code="d">&#x420;&#x43E;&#x43A;&#x438;&#x442;&#x43D;&#x435;</subfield>
    <subfield code="d">2004</subfield>
    <subfield code="g">&#x2116;22/17 &#x431;&#x435;&#x440;&#x435;&#x437;./</subfield>
  </datafield>
  <datafield tag="650" ind1=" " ind2="7">
    <subfield code="a">&#x41A;&#x440;&#x430;&#x454;&#x437;&#x43D;&#x430;&#x432;&#x447;&#x430; &#x440;&#x43E;&#x431;&#x43E;&#x442;&#x430;</subfield>
    <subfield code="2">UDC</subfield>
  </datafield>
  <datafield tag="999" ind1=" " ind2=" ">
    <subfield code="c">304250</subfield>
    <subfield code="d">304250</subfield>
  </datafield>
</record>
